1994 FIFA World Cup Team Logos - Statistics

General Stats
  • This quiz has been taken 73 times
  • The average score is 22 of 24
Answer Stats
Picture Answer % Correct
Argentina
100%
Belgium
100%
Brazil
100%
Germany
100%
Greece
100%
Italy
100%
Norway
100%
Russia
100%
South Korea
100%
Spain
100%
Sweden
98%
Cameroon
95%
Colombia
95%
Ireland
95%
Netherlands
95%
Mexico
94%
Bulgaria
89%
Saudi Arabia
83%
Morocco
80%
Romania
78%
Bolivia
77%
Nigeria
73%
United States
72%
Switzerland
69%
No matching quizzes found
Score Distribution
Percent of People with Each Score
Percentile by Number Answered
Your Score History
You have not taken this quiz